Military Aircraft by Picture #1 - Statistics

General Stats
  • This quiz has been taken 164 times
  • The average score is 7 of 16
Answer Stats
Picture Answer % Correct
F-35 Lightning II
93%
Mitsubishi F-2
92%
F-22 Raptor
90%
B-1 Lancer
83%
C-130 Hercules
80%
V-22 Osprey
69%
B-21 Raider
59%
F-5 Tiger II
59%
Kawasaki C-2
21%
KC-46 Pegasus
20%
M-346 Master
20%
E-7 Wedgetail
17%
NH-90
15%
C-390 Millennium
13%
A330 MRTT
10%
AH-125
0%
No matching quizzes found
Score Distribution
Percent of People with Each Score
Percentile by Number Answered
Your Score History
You have not taken this quiz